[Event "Marmaris Karya-14 IM 2022"]
[Site "Icmeler-Marmaris"]
[Date "2022.01.31"]
[Round "2.4"]
[White "Ahmad, Al Khatib"]
[Black "Gunduz, Umut Erdem"]
[Result "1/2-1/2"]
[WhiteElo "2218"]
[BlackElo "2252"]
[Annotator "TA"]
[PlyCount "101"]
[EventDate "2022.02.01"]
[EventType "schev"]
[EventCountry "TUR"]
[SourceTitle "playchess.com"]
[Source "ChessBase"]
[SourceQuality "1"]

{[%evp 11,101,8,14,0,17,-12,-24,-14,-27,-16,79,68,112,116,117,102,116,59,142,145,163,162,181,159,194,192,193,209,227,222,247,132,138,140,135,134,134,139,134,118,125,132,179,161,179,177,180,168,169,171,179,131,233,227,242,235,284,262,261,0,83,21,31,0,0,0,0,0,0,0,0,0,0,0,0,0,0,0,0,0,0,0,0,0,0,0,0,0,0,0,0,0]} 1. e4 e5 2. Nf3 Nc6 3. Bb5 {[%cal Bf1b5,Bb5a4,Ba4b3,Bb3d5][%mdl 32]} a6 4. Ba4 Nf6 5. d4 Be7 6. O-O O-O 7. Re1 {C84: Closed Ruy Lopez: Unusual White 6th moves.} b5 8. dxe5 Ng4 ({But not} 8... bxa4 9. exf6 Bxf6 10. e5 $14) 9. Bb3 {[#] Hoping for Qd5. Black has an edge.} Bc5 {[%mdl 1024] Black has compensation.} 10. Rf1 {[#] Black must now prevent Qd5.} Bb7 $146 (10... Ngxe5 $11 11. Nxe5 Nxe5) ({Predecessor:} 10... Bb6 11. Bf4 Qe7 12. Nc3 Qc5 13. Qd5 Na5 14. h3 Nxb3 15. axb3 Qxd5 16. Nxd5 Nh6 {1-0 (23) Ligterink,G-Loman,M Leeuwarden 1973}) 11. Bd5 $16 {aiming for h3.} Qe8 (11... Qb8 $14 {might be stronger.}) 12. Bf4 d6 13. exd6 cxd6 14. Nbd2 (14. a3 $16) 14... Qe7 (14... Nf6 $14) 15. Nb3 $36 {[%mdl 2048] Keeping Black busy.} Rad8 16. Bg5 Nf6 17. Re1 Bb6 18. Nbd4 Nxd4 19. Nxd4 Rd7 20. Nf5 Qe5 {[%cal Rf6d5]} 21. Bxf6 {Really sharp!} (21. Qf3 $18) 21... Qxf6 22. Bxb7 {White is more active.} Rxb7 23. Qxd6 Qxd6 24. Nxd6 Rd7 25. Rad1 {[%cal Od6c8]} Rfd8 {To avoid Nc8} 26. e5 Kf8 (26... Bc7 $16 {was necessary.}) 27. Rd3 $18 Bc7 28. Red1 f6 29. f4 fxe5 30. fxe5 Re7 31. Rd5 (31. Rf3+ $18 Kg8 32. Rd5) 31... g6 (31... Red7 $16 {was called for.} 32. a4 b4) 32. g3 Re6 33. Kg2 Rd7 34. Kf3 Rde7 35. Nc8 $2 (35. Kf4 $18) 35... Rf7+ {[#]} (35... Re8 $1 $11 {remains equal.} 36. Nd6 R8e7) 36. Ke4 (36. Kg2 $1 $16) 36... Rf5 {[%cal Rf5e5]} (36... Rf2 {keeps more tension.} 37. Nd6 Rxh2 38. Rc5 Bxd6 39. Rxd6 Re2+) 37. Nd6 (37. R1d2 {looks sharper.} Bxe5 38. Rd8+ Kf7 39. R2d7+ Kf6 40. Rf8+) 37... Bxd6 {The position is equal.} 38. Rxd6 Rfxe5+ $11 {[%mdl 4096] Endgame KRR-KRR} 39. Kf3 Rf5+ $1 40. Kg4 Re4+ 41. Kh3 Rh5+ 42. Kg2 Re2+ 43. Kf3 Rhxh2 44. Rxa6 Rhf2+ 45. Kg4 Rxc2 46. Rd7 {White threatens Ra8+ and mate.} Rf7 47. Ra8+ Kg7 $1 48. Rxf7+ Kxf7 49. Ra7+ Kf6 50. Rxh7 Rxb2 51. Rb7 {Black defended with fortune.  Weighted Error Value: White=0.23 (precise) /Black=0.21 (precise)} 1/2-1/2

[Event "Marmaris Karya-14 IM 2022"]
[Site "Icmeler-Marmaris"]
[Date "2022.01.31"]
[Round "2.5"]
[White "Rasulov, Vugar"]
[Black "Kizilkus, Akin"]
[Result "1-0"]
[WhiteElo "2453"]
[BlackElo "2275"]
[Annotator "TA"]
[PlyCount "179"]
[EventDate "2022.02.01"]
[EventType "schev"]
[EventCountry "TUR"]
[SourceTitle "playchess.com"]
[Source "ChessBase"]
[SourceQuality "1"]

{[%evp 9,179,8,18,-43,-37,-47,-17,-23,-16,-25,-16,-28,-25,-39,-27,-15,-15,-17,-7,-6,-5,-10,-9,-16,-18,-18,0,-4,-7,-10,0,0,0,0,0,0,0,0,0,-5,0,-8,0,-10,-10,-11,-1,-1,0,0,0,-7,0,0,0,0,0,0,0,0,0,-4,0,0,5,2,5,0,6,6,6,7,6,6,8,7,17,17,18,20,20,17,24,16,16,0,0,0,18,16,18,8,8,7,7,7,7,7,7,7,7,7,7,0,7,0,7,0,0,0,0,0,4,0,18,18,191,197,184,159,164,140,190,165,201,218,301,195,174,137,312,391,635,623,552,476,446,433,391,389,1073,331,2960,2803,12832,12835,12836,1737,12837,12837,12838,12839,12840,12839,12839,0,0,0,0,0,0,0,0,0,0,0,12849,12849,12850,12850,12850,12845]} 1. Nf3 Nf6 2. b3 g6 3. Bb2 Bg7 4. e3 O-O 5. d4 d6 {[#]} 6. d5 $146 {A48: 1 d4 Nf6 2 Nf3 g6: Torre, London and Colle Systems.} (6. Be2 $11) ({Predecessor:} 6. Be2 Nbd7 7. O-O c5 8. c4 cxd4 9. Nxd4 d5 10. Nd2 dxc4 11. Nxc4 Nb6 12. Rc1 Nxc4 13. Rxc4 Bd7 14. Bf3 e5 15. Bxb7 exd4 16. Bxa8 Qxa8 17. Rxd4 {0-1 (46) Nakamura,H (2736)-Mamedyarov,S (2765) Chess.com INT 2021}) 6... c6 $15 7. dxc6 Nxc6 8. Be2 {The position is equal.} Bf5 9. O-O Rc8 10. c4 d5 11. Na3 dxc4 12. Nxc4 Qxd1 13. Rfxd1 Rfd8 14. Rxd8+ Rxd8 15. a3 Ne4 {[%cal Oe4d2]} 16. Bxg7 Kxg7 17. Rc1 Nd6 18. Nb2 Rc8 19. Kf1 Nd8 20. Rxc8 Bxc8 21. b4 f6 22. Nd2 e5 23. Nbc4 N8f7 24. Na5 Kf8 25. Ndc4 Ke7 26. Ke1 Be6 27. Nd2 Nd8 28. f3 Kd7 29. Bd3 Ke7 30. Ke2 Bd5 31. Nac4 N8f7 32. Nb2 Nd8 33. Nd1 Nc6 34. Nc3 Be6 35. Nde4 Nxe4 36. Bxe4 $11 {[%mdl 4096] Endgame KBN-KBN} Bc4+ 37. Kd2 Nd8 38. f4 exf4 39. exf4 f5 40. Bf3 Kd6 41. Ke3 b6 42. Kd4 b5 43. g3 Ne6+ 44. Ke3 Nc7 45. Bg2 Ne6 46. Bb7 Nc7 47. Bc8 Be6 48. Bb7 Bc4 49. Bf3 Ne6 50. h3 Nc7 51. g4 Bf1 52. gxf5 gxf5 53. h4 Bc4 54. Bg2 Be6 55. Bf1 Bd7 56. Bg2 Be6 57. Bf3 Bd7 58. Ne2 Be6 59. Nd4 Bd7 60. Bg2 h6 61. Bf3 Ne8 62. Be2 Nc7 $2 (62... a6 $1 $11 {and Black has nothing to worry.}) 63. Bd3 $18 Nd5+ 64. Kf3 Ne7 65. Bxb5 Bc8 (65... Kd5 $16) 66. Bc4 {Hoping for Nb5+.} a6 {To avoid Nb5+} 67. Ke3 Ng6 68. h5 Ne7 69. Nf3 Nd5+ $2 (69... Be6 $16 {might work better.} 70. Bxa6 Nd5+ 71. Kd4 Nxf4) 70. Bxd5 Kxd5 {KB-KN} 71. Ne5 {Inhibits Bd7.} Be6 72. Kd3 Bg8 {[#]} 73. a4 $1 Be6 74. a5 {[%cal Ob4b5] aiming for b5!} Bg8 $2 (74... Kd6 75. Kd4 Bb3 76. Nc4+ Kc6) 75. Kc3 $2 (75. b5 Kd6 76. bxa6) 75... Be6 $2 (75... Kd6 76. b5 axb5) 76. b5 axb5 77. Kb4 Ke4 78. Ng6 Bd5 79. a6 Ba8 80. Kxb5 Kf3 81. Kb6 Kg4 {[#]} 82. a7 $2 (82. Kc5 $1 $18 Kg3 83. Kd6) 82... Kxh5 $11 83. Ne5 Kh4 $1 84. Kc7 {Threatens to win with Kb8.} Kg3 85. Kb8 Bg2 86. Nc4 h5 87. Nd6 {And now Nb7 would win.} h4 $2 {[%mdl 8192]} (87... Bf3 $11) 88. Nxf5+ $18 {White is clearly winning.} ({Worse is} 88. Nb7 h3 89. a8=Q h2 $11) 88... Kh3 89. Kc7 Ba8 90. Ne3 {Weighted Error Value: White=0.05 (flawless) /Black=0.03 (flawless)} 1-0

[Event "Marmaris Karya-14 IM 2022"]
[Site "Icmeler-Marmaris"]
[Date "2022.02.02"]
[Round "3.1"]
[White "Boshra, Alshaeby"]
[Black "Sibashvili, Giorgi"]
[Result "1/2-1/2"]
[WhiteElo "1974"]
[BlackElo "2398"]
[Annotator "TA"]
[PlyCount "89"]
[EventDate "2022.02.01"]
[EventType "schev"]
[EventCountry "TUR"]
[SourceTitle "playchess.com"]
[Source "ChessBase"]
[SourceQuality "1"]

{[%evp 20,89,27,28,91,63,109,61,59,63,69,33,31,27,32,25,20,23,35,27,53,29,50,54,67,43,58,22,19,23,68,24,35,6,46,15,87,17,25,0,2,0,0,0,0,0,7,0,44,37,55,0,0,0,0,0,0,-60,-16,-205,0,0,0,0,0,0,0,0,0,0,0,0]} 1. e4 c5 2. Nf3 Nc6 3. Nc3 g6 4. d4 cxd4 5. Nxd4 Bg7 6. Be3 Nf6 7. Bc4 O-O 8. Bb3 Ng4 9. Qxg4 Nxd4 10. Qd1 Nxb3 11. axb3 f5 {B35: Sicilian: Accelerated Dragon with 5 Nc3: main line.} (11... d6 $11 {remains equal.}) 12. Bd4 {White is more active.} Bh6 {[#]} (12... d6 $14 {should be considered.}) 13. Qd3 $146 (13. Nd5 $16) ({Predecessor:} 13. exf5 Rxf5 14. g4 Rf7 15. h4 e5 16. Be3 Bxe3 17. fxe3 d5 18. Qxd5 Bxg4 19. Rxa7 Qf8 20. Rxa8 Qxa8 21. Kd2 Bf3 22. Ne4 Bxh1 23. Nf6+ Kg7 {0-1 (23) Vorobiov,D (2116)-Yakovlev,M (2263) Novokuznetsk 2007}) 13... d6 $14 {White is slightly better.} 14. O-O ({Much worse is} 14. Rxa7 Rxa7 15. Bxa7 Bc1 $11) 14... fxe4 15. Nxe4 Bf5 16. Qe2 ({Wrong is} 16. Rxa7 $2 Rxa7 17. Bxa7 d5 $19) 16... a6 17. c4 Bxe4 18. Qxe4 Qd7 19. Rfe1 Rae8 20. g3 Rf5 21. Rad1 Kf8 22. Bc3 (22. b4 {seems wilder.} Qc6 23. Qh4 Rh5 24. Qg4 Rf5 25. Qh3) 22... Bg7 23. Rd3 Bxc3 24. bxc3 Kg8 (24... Qc6 $11 {is superior.}) 25. f4 (25. Rd5 $14 {is more appropriate.}) 25... b5 26. Rde3 Kf7 27. Qd4 Qc6 {[#]} (27... Rc5 $11) 28. g4 (28. Qa7 $1 $16 Kg8 29. Rxe7 Rxe7 30. Rxe7 Qc5+ 31. Qxc5 Rxc5 32. cxb5 axb5 33. Re3) 28... Rf6 $11 29. Rh3 h5 30. f5 gxf5 31. Rxh5 Rg8 32. g5 {[%cal Oe1e7] [#] Strongly threatening Rxe7+!} e5 33. Qa7+ Ke6 (33... Kf8 $11) 34. Kf2 $1 $14 {Black must now prevent Rh7.} Rfg6 $1 35. h4 (35. Rh7 $14 Qc5+ 36. Qxc5 dxc5 37. Ra1 bxc4 38. Rxa6+ Kd5 39. bxc4+ Ke4 40. Rxg6 Rxg6 41. h4) 35... bxc4 $11 {Threatens to win with ...R8g7.} 36. Rh7 {[%csl Gh7][%cal Ra7f7] To avoid R8g7. Really sharp!} Qc5+ 37. Qxc5 dxc5 {[%mdl 4096] Endgame KRR-KRR} 38. Ra1 ({White should play} 38. bxc4 $11 R8g7 39. Rh5) 38... cxb3 $15 {aiming for ...b2.} 39. c4 $2 (39. Rb7 $11 {and White is okay.}) 39... f4 $2 ({Black should try} 39... e4 $19 40. Rb7 Ke5 41. Rxb3 Rd6) 40. Kf3 $1 $11 {The position is equal.} Ra8 (40... Kf5 $5 41. Rf7+ Ke6 $11) 41. Ra3 Kf5 (41... b2 $5 42. Rb3 Kf5 43. Rf7+ Ke6 $11) 42. Rf7+ $1 Ke6 43. Rh7 Kf5 (43... b2 $5 44. Rb3 Kf5 45. Rf7+ Ke6 $11) 44. Rf7+ $1 Ke6 45. Rb7 {Weighted Error Value: White=0.21 (precise) /Black=0.19 (very precise)} 1/2-1/2

[Event "Marmaris Karya-14 IM 2022"]
[Site "Icmeler-Marmaris"]
[Date "2022.02.02"]
[Round "3.2"]
[White "Haussernot, Cecile"]
[Black "Darban, Morteza"]
[Result "1/2-1/2"]
[WhiteElo "2188"]
[BlackElo "2261"]
[Annotator "TA"]
[PlyCount "45"]
[EventDate "2022.02.01"]
[EventType "schev"]
[EventCountry "TUR"]
[SourceTitle "playchess.com"]
[Source "ChessBase"]
[SourceQuality "1"]

{[%evp 9,45,-27,-26,-28,-41,-36,-25,-25,-27,-31,-25,-46,-43,-65,-52,-136,-132,-122,-103,-136,-83,-95,-58,-84,0,0,0,0,4,0,0,0,39,0,0,0,16,0]} 1. e4 c5 2. b3 Nc6 3. Bb2 a6 4. c4 {[#]} d6 $146 ({Predecessor:} 4... e6 5. Nf3 Nge7 6. Be2 d5 7. exd5 exd5 8. d4 Nxd4 9. Nxd4 cxd4 10. Qxd4 Nc6 11. Qe3+ Be7 12. cxd5 Nb4 13. O-O {½-½ (38) Paichadze,L (2392)-Shanava,K (2532) Baku 2007}) 5. Nc3 g6 6. f4 {B20: Sicilian: Unusual White 2nd moves.} Bg7 7. Nf3 Bg4 8. Be2 {Black has an edge.} e6 9. O-O Nge7 10. Qe1 O-O 11. Nd1 Bxf3 12. Rxf3 (12. Bxg7 $15 Kxg7 13. Bxf3) 12... Nd4 $17 {aiming for ...Nc2.} 13. Rh3 Nec6 {[#] And now ...Nc2 would win.} 14. Rc1 {To avoid Nc2} Nb4 ({Black should try} 14... Qf6 15. g3 Qd8) 15. a3 Nbc2 16. Qf1 Qa5 (16... b5 $17) 17. Bd3 $1 $11 Qxd2 18. Qf2 Qe1+ 19. Qxe1 Nxe1 {Pair of Knights!} 20. Bf1 Nec2 21. Bd3 {[%mdl 1024] White has compensation.} Ne1 22. Bf1 Nec2 23. Bd3 {Weighted Error Value: White=0.12 (very precise) /Black=0.19 (very precise)} 1/2-1/2

[Event "Marmaris Karya-14 IM 2022"]
[Site "Icmeler-Marmaris"]
[Date "2022.02.02"]
[Round "3.3"]
[White "Ozsakallioglu, Okan"]
[Black "Ahmad, Al Khatib"]
[Result "1/2-1/2"]
[WhiteElo "2179"]
[BlackElo "2218"]
[Annotator "TA"]
[PlyCount "83"]
[EventDate "2022.02.01"]
[EventType "schev"]
[EventCountry "TUR"]
[SourceTitle "playchess.com"]
[Source "ChessBase"]
[SourceQuality "1"]

{[%evp 14,83,20,31,25,31,30,31,33,29,58,72,63,59,91,56,79,30,114,95,99,0,0,0,0,0,0,0,0,0,0,0,0,-21,-29,-187,-21,-195,-21,-197,-89,-133,-70,-58,-73,-29966,-7166,-2083,0,-147,-88,-89,-97,-89,-112,-100,-91,-201,-148,-162,-164,-322,-322,-560,-516,-477,-317,-303,-220,-165,5273,-255]} 1. e4 c6 2. d4 d5 3. Nd2 dxe4 4. Nxe4 Nf6 5. Nxf6+ exf6 6. c3 Bd6 7. Bd3 O-O 8. Qc2 {Active counter play!} Re8+ {B15: Caro-Kann: 3 Nc3: 3...g6 and 3...dxe4 4 Nxe4 Nf6 5 Nxf6+ exf6.} 9. Ne2 h5 10. O-O h4 {White is slightly better.} 11. h3 Na6 12. Be3 Nc7 13. c4 {[#] To avoid Nd5} b5 $146 ({Predecessor:} 13... Be6 14. Rad1 Qd7 15. Nf4 Rad8 16. Nxe6 Nxe6 17. d5 cxd5 18. cxd5 Ng5 19. Bf5 Qe7 {1-0 (32) Onischuk,V (2622)-Perez Ponsa,F (2554) Chess.com INT 2021}) 14. Be4 Bd7 15. cxb5 (15. c5 $16 Bf8 16. Nf4) 15... cxb5 (15... Nxb5 $11 16. Rfc1 (16. Bxc6 Rc8 $14) 16... Rc8) 16. Bxa8 $16 Qxa8 17. d5 {Inhibits Bc6.} ({White should play} 17. Nf4 $1 $16) 17... Nxd5 $11 18. Rad1 Rxe3 19. Rxd5 $1 Qxd5 $40 {[%mdl 128] Black is up to no good.} (19... Rxe2 20. Qd3 Bxh3 21. gxh3 $16) 20. fxe3 Qe5 21. Kf2 Qh2 {Threatens to win with ...Bxh3.} 22. Rd1 {[%cal Oe2f4]} Bxh3 23. Qe4 {Strongly threatening Nf4. Dancing on a razor blade.} (23. Rxd6 $5 Qxd6 24. gxh3 $11) 23... Bg3+ {This bishop pair is nice.} 24. Kf1 $2 (24. Nxg3 $11 hxg3+ 25. Kf1) 24... g6 $2 (24... Qh1+ $19 25. Ng1 g6) 25. Qf3 $2 (25. Nxg3 $11 {and White stays safe.} hxg3 26. b3) 25... Be6 $2 (25... Qh1+ $19 26. Ng1 Bf5) 26. b3 $2 (26. Nxg3 $11 hxg3 27. b3) 26... Qh1+ $19 27. Ng1 Bh2 (27... Kg7 $17 {...Qh2 is the strong threat.} 28. Ke2 Qh2) 28. Kf2 $15 Kg7 $1 29. Rf1 $2 {[%mdl 8192]} (29. Nh3 $17 Bg3+ 30. Ke2) 29... Bg3+ $1 30. Ke2 {[#]} Be5 $2 ({Better is} 30... Bg4 $1 $19 {[%mdl 512] ( -> ...Qxg2+)} 31. Qxg4 Qxg2+ 32. Kd3 Qxf1+ 33. Kd4 Qxg1) 31. Kd2 (31. Qf2 $11 Qh2 32. Nf3) 31... Qh2 $17 32. Ne2 g5 33. Nd4 {To avoid f5} Bxd4 34. exd4 {[%mdl 4096] Endgame [#] KQR-KQB} f5 {[%cal Bf6f5,Bf5f4][%mdl 32]} 35. Rf2 (35. d5 $17 Bd7 36. Rf2) 35... Qd6 36. Qe3 f4 37. Qd3 (37. Qc3) 37... Qd5 $19 {aiming for ...Bf5.} ({Stronger than} 37... Qa3 38. Ke1 $17) 38. Re2 $2 (38. Ke1 Bg4 39. Kf1) 38... Bf5 39. Qc3 Bg4 ({Don't blunder} 39... Be4 $2 40. Ke1 $19) 40. Rf2 a6 41. Qc5 f6 $4 {[%mdl 8192]} 42. Qc3 $4 {[%mdl 40960] What a bad dream for Black.  Weighted Error Value: White=0.66/Black=0.44. An unexpected result.} (42. Qxd5 $18 {is the narrow road to win.} Kg6 43. Qg8+ Kh6 {[#]} 44. Rxf4 $3 {[%mdl 512]} gxf4 45. Qxg4 h3 46. Qxh3+ Kg6 47. d5) 1/2-1/2

[Event "Marmaris Karya-14 IM 2022"]
[Site "Icmeler-Marmaris"]
[Date "2022.02.02"]
[Round "3.4"]
[White "Gunduz, Umut Erdem"]
[Black "Rasulov, Vugar"]
[Result "1-0"]
[WhiteElo "2252"]
[BlackElo "2453"]
[Annotator "TA"]
[PlyCount "115"]
[EventDate "2022.02.01"]
[EventType "schev"]
[EventCountry "TUR"]
[SourceTitle "playchess.com"]
[Source "ChessBase"]
[SourceQuality "1"]

{[%evp 9,115,32,46,46,35,39,30,28,81,91,87,50,55,43,47,37,39,37,37,37,37,38,85,69,68,70,86,62,43,0,57,0,69,63,137,120,160,91,91,92,93,85,96,88,103,93,102,97,118,113,171,162,149,110,109,108,102,111,144,141,218,204,215,214,207,151,229,233,233,233,233,217,233,225,299,287,296,262,376,242,374,199,185,185,232,75,75,58,75,45,52,33,347,287,392,353,469,445,772,758,742,679,811,804,789,774,819,799]} 1. e4 g6 2. d4 Bg7 3. Nc3 c6 4. Nf3 d6 5. Bf4 Bg4 6. Bc4 {[%cal Oc4f7] B06: Modern Defence.} e6 7. h3 Bxf3 8. Qxf3 {White has an edge.} Ne7 {[#]} (8... Bxd4 $11 9. Rd1 Qf6) 9. O-O-O $146 ({Predecessor:} 9. O-O O-O 10. Rad1 d5 11. Bb3 Nd7 12. Bg5 h6 13. Bh4 g5 14. Bg3 Ng6 15. Rfe1 {1-0 (68) Nyback,T (2345)-Kiik,K (2449) Tallinn 2001}) 9... b5 10. Bb3 {Threatens to win with d5. White is much more active.} a5 $1 11. a4 b4 12. Ne2 d5 $1 13. h4 {[%cal Bh3h4,Bh4h5][%mdl 32]} h6 14. Kb1 Nd7 15. g4 Qb6 (15... Rc8 $14) 16. h5 g5 17. Bd6 Nc8 18. Bg3 Ne7 19. Bd6 Nc8 20. Bg3 Ne7 $1 21. Qe3 $36 {[%mdl 2048] White has good play.} O-O-O ({Black should play} 21... dxe4 $1 $14 22. Qxe4 Nf6) 22. Bd6 Rhe8 {[%cal Bh8e8,Be8e7,Be7c7][%mdl 32]} 23. Bxe7 (23. Qf3 $142 $1 {[%cal Rf3f7]}) 23... Rxe7 24. exd5 $1 cxd5 {[#]} 25. Bxd5 $1 Nf6 26. Bf3 Rc7 27. Qb3 {[%cal Oe2c3]} Qa6 28. Rd3 Rd6 29. Rhd1 Qc4 (29... Nd7 $16) 30. Qxc4 $18 Rxc4 31. Nc1 {[%cal Be2c1,Bc1b3,Bb3a5,Ba5c6][%mdl 32]} Nd7 {[%cal Rd6d4]} 32. Nb3 Nb6 33. Nxa5 Rc7 34. b3 Kb8 (34... Nd5 $16) 35. c4 bxc3 36. Kc2 Kc8 37. Rxc3 {Hoping for Nc6.} Bxd4 (37... Rxd4 $16 {was called for.} 38. Nc6 Rxd1 39. Na7+ Kb8 40. Rxc7 Kxc7 41. Nb5+ (41. Kxd1 Nd7 $16) (41. Bxd1 Nd5 $16) 41... Kd7 42. Kxd1 Bf8) 38. Nc6 $1 Bxc3 39. Rxd6 {Intending Rd8+ and mate.} Bf6 {Inhibits Rd8+.} 40. Kd3 Nd7 41. b4 $1 Be5 42. Nxe5 Nxe5+ {[%mdl 4096] Endgame KRB-KRN} 43. Ke4 f6 (43... Nxf3 $142 44. Kxf3 Rc3+ 45. Ke4 Kc7) 44. Bd1 Rc1 (44... Rc4+ $142 45. Ke3 Rxb4 46. Rxe6 Nxg4+ 47. Bxg4 Rxg4) 45. b5 (45. Bb3 $142) 45... Kc7 46. Rd4 Rc3 (46... Ra1 $142 47. Ke3 Kb6) 47. Be2 $2 (47. a5 $18) 47... Ra3 $16 {[#]} 48. f3 $1 Nf7 49. Rc4+ Kd7 $1 {And now ...Nd6+ would win.} 50. Rb4 {Black must now prevent b6.} Nd6+ $2 {[%mdl 8192] A mistake that costs the game.} ({Black should try} 50... Kd6 $1 $14) 51. Kd4 $18 Nb7 52. Bd1 Kd6 {aiming for ...e5+.} 53. Bb3 {White is clearly winning.} Nc5 {[#]} (53... Ra1 $142 54. Kd3 Nc5+ 55. Kc3 Nxb3) 54. Kc3 $1 ({Stronger than} 54. Bc2 Rxf3 55. a5 Rg3 $11) 54... Ra1 55. Rd4+ Ke5 {Strongly threatening ...Rc1+.} 56. Rc4 Kd6 57. Bc2 Nd7 58. Rc6+ {Weighted Error Value: White=0.18 (very precise) /Black=0.31} 1-0

[Event "Marmaris Karya-14 IM 2022"]
[Site "Icmeler-Marmaris"]
[Date "2022.02.02"]
[Round "3.5"]
[White "Kizilkus, Akin"]
[Black "Mammadov, Zaur"]
[Result "1-0"]
[WhiteElo "2275"]
[BlackElo "2417"]
[Annotator "TA"]
[PlyCount "51"]
[EventDate "2022.02.01"]
[EventType "schev"]
[EventCountry "TUR"]
[SourceTitle "playchess.com"]
[Source "ChessBase"]
[SourceQuality "1"]

{[%evp 21,51,25,36,44,37,41,33,27,59,58,106,125,98,108,158,148,196,176,170,156,160,157,166,152,208,201,299,317,733,733,882,868]} 1. d4 {[%cal Bd2d4,Bd4e5][%mdl 32]} Nf6 2. c4 e5 3. dxe5 Ng4 4. Bf4 Nc6 5. Nf3 Bb4+ 6. Nbd2 Qe7 7. e3 Ngxe5 8. Nxe5 Nxe5 9. Be2 O-O 10. O-O d6 11. Nb3 b6 12. a3 {A52: Budapest Gambit.} Bc5 13. Nxc5 bxc5 14. b4 {White is slightly better.} Ng6 15. Bg3 {[#]} Be6 $146 (15... Bb7 $14) ({Predecessor:} 15... cxb4 16. axb4 Bb7 17. Bf3 Bxf3 18. Qxf3 Ne5 19. Bxe5 Qxe5 20. Qb7 Rab8 21. Qxc7 Rfc8 {1-0 (51) Grundman,V (2113)-Nehyba,M (2066) Czech Republic 2016}) 16. bxc5 $16 dxc5 17. Qa4 f5 (17... a6 $142) 18. Bf3 c6 (18... Rae8 $16 19. Rac1 Rd8) 19. Bxc6 Rad8 20. Rab1 f4 21. exf4 Nxf4 22. Rfe1 {[%cal Bf1e1,Be1e3,Be3e6][%mdl 32] Prevents Ne2+.} Qf7 (22... Qf6 $16 23. Bf3 (23. Qxa7 Nd3 $16) (23. Bxf4 Qxf4 24. f3 Qxc4 $16) 23... Nd3) 23. Bf3 $18 {A strong pair of Bishops.} ({Much less strong is} 23. Bxf4 $6 Qxf4 24. f3 (24. Rxe6 $2 {is a self mate.} Qxf2+ 25. Kh1 Qf1+ 26. Rxf1 Rxf1#) 24... Qxc4 $16) 23... Rfe8 (23... Rd3 {keeps fighting.}) 24. Re3 {Bxf4 is the strong threat.} Rd4 (24... Nh5 25. Rb7 Qg6 26. Qxa7 Nxg3 27. hxg3 Qg5) 25. Bxf4 {[%cal Of3d5] Hoping for Bd5!} Rxf4 {[#]} 26. Rxe6 $1 {[%mdl 512] Black did not feel at home in the position after the opening.  Weighted Error Value: White=0.01 (flawless) /Black=0.40} 1-0

[Event "Marmaris Karya-14 IM 2022"]
[Site "Icmeler-Marmaris"]
[Date "2022.02.02"]
[Round "4.1"]
[White "Darban, Morteza"]
[Black "Boshra, Alshaeby"]
[Result "1/2-1/2"]
[WhiteElo "2261"]
[BlackElo "1974"]
[Annotator "TA"]
[PlyCount "113"]
[EventDate "2022.02.01"]
[EventType "schev"]
[EventCountry "TUR"]
[SourceTitle "playchess.com"]
[Source "ChessBase"]
[SourceQuality "1"]

{[%evp 13,113,-16,-17,-22,-6,-32,0,-23,14,0,0,0,0,0,0,-186,-173,-276,-270,-268,-282,-267,-275,-283,-272,-277,-274,-289,-277,-269,-266,-315,-282,-302,-289,-315,-300,-315,-295,-310,-304,-306,-321,-286,-224,-224,-224,-224,-224,-224,-224,-224,-224,-224,-224,-224,-224,-231,-231,-231,-224,-231,-224,-224,-224,-224,-224,-224,-224,-224,-224,-224,-224,-210,-177,-177,-177,-254,-212,-278,-278,-276,-266,-268,-254,-265,-265,-250,-236,-200,-74,-74,-74,-74,-14,-15,-14,-17,-8,-8,-8,-10]} 1. e4 c5 2. Nf3 Nc6 3. g3 g6 4. Bg2 Bg7 5. O-O e5 6. d3 d6 7. Be3 Nge7 8. Qd2 {A04: Unusual lines after 1 Nf3 and King's Indian Attack.} h6 9. Nc3 Nd4 10. Ne1 {[#]} f5 $146 {[%cal Bf7f5,Bf5f4,Bf4f3,Bf3g2][%mdl 32]} ({Predecessor:} 10... Be6 11. Nd1 Qd7 12. c3 Ndc6 13. Nc2 f5 14. d4 cxd4 15. cxd4 fxe4 16. dxe5 {0-1 (46) Giron,J (2214)-Arias,L (2291) San Salvador 2017}) 11. Rb1 O-O 12. Bxh6 f4 13. Bg5 f3 14. Nd5 $2 fxg2 $19 (14... Ne2+ $2 15. Kh1 fxg2+ 16. Nxg2 $18) 15. Nxe7+ {[#]} (15. Kxg2 $142 Ndc6 16. c4) 15... Qxe7 $3 {[%mdl 512]} 16. Bxe7 Bh3 {[%csl Gh3][%cal Rg2f1]} 17. Nxg2 Nf3+ 18. Kh1 Nxd2 19. Bxf8 Rxf8 ({Don't go for} 19... Bxf8 $2 20. Rg1 $19) 20. Kg1 Nxb1 ({But not} 20... Nxf1 $2 21. Rxf1 Bh6 22. a3 $19) 21. Rxb1 Bh6 22. a4 Bd2 23. Rd1 Bg5 24. Re1 Bd7 25. b3 a6 26. h4 Bh6 27. Ne3 Bxe3 28. Rxe3 {[%mdl 4096] Endgame KRB-KR} b5 29. axb5 axb5 30. Kg2 Be6 31. f3 Ra8 32. Re2 Ra2 {[%cal Oe6b3]} 33. Kf2 Kg7 34. Ke3 Ra1 35. Rh2 Re1+ 36. Kf2 Rb1 37. Ke3 Rb2 {[%cal Oe6b3] White must now prevent ...Bxb3!} 38. Rd2 Kf6 39. Ke2 Ke7 40. Ke3 Ra2 41. g4 Bf7 42. Rf2 Ra3 43. Rh2 c4 44. bxc4 bxc4 45. Rd2 (45. h5 {was worth a try.}) 45... c3 46. Rh2 Ra1 $1 47. h5 gxh5 48. gxh5 Re1+ 49. Kf2 Rd1 {And now ...Rd2+ would win.} 50. Ke3 {[#] To avoid Rd2} Kf8 $1 51. h6 {[#] Hoping for h7.} Kg8 (51... Re1+ $1 $19 {and Black stays clearly on top.} 52. Kf2 Rc1) 52. Rg2+ $17 Kh8 53. Rg7 Bb3 54. Rc7 $1 $11 {The position is equal.} ({Avoid the trap} 54. cxb3 $2 c2 55. Rc7 c1=Q+ 56. Rxc1 Rxc1 $19) 54... Bxc2 55. Rxc3 {Rc8+ is the strong threat.} Ba4 56. Rc8+ Kh7 57. Rd8 {Weighted Error Value: White=0.16 (very precise) /Black=0.11 (very precise)} 1/2-1/2